Tâm lý học trẻ em (lứa tuổi từ lọt lòng đến tuổi) Tài liệu tham khảo dành cho các hệ đào tạo giáo viên ngành Giáo dục Mầm non T.2
Guardado en:
| Autor principal: | |
|---|---|
| Formato: | Libro |
| Lenguaje: | Vietnamese |
| Publicado: |
H.
[kxd]
1995
|
| Materias: | |
| Etiquetas: |
Agregar Etiqueta
Sin Etiquetas, Sea el primero en etiquetar este registro!
|
| Thư viện lưu trữ: | Trung tâm Học liệu Lê Vũ Hùng, Trường Đại học Đồng Tháp |
|---|
| LEADER | 00955pam a22002298a 4500 | ||
|---|---|---|---|
| 001 | 00025208 | ||
| 005 | 20171026081022.0 | ||
| 008 | 110801s1995 ||||||viesd | ||
| 041 | 0 | # | |a vie |
| 082 | 1 | # | |a 155.42 |b T120L |
| 100 | 0 | # | |a Ngô Công Hoàn |
| 245 | 0 | 0 | |a Tâm lý học trẻ em (lứa tuổi từ lọt lòng đến tuổi) |b Tài liệu tham khảo dành cho các hệ đào tạo giáo viên ngành Giáo dục Mầm non |c Ngô Công Hoàn |n T.2 |
| 260 | # | # | |a H. |b [kxd] |c 1995 |
| 300 | # | # | |a 200tr. |c 19cm. |
| 653 | # | |a trẻ em | |
| 653 | # | |a tâm lý học | |
| 852 | # | # | |b Kho giáo trình |j KGT.0019168 |
| 852 | # | # | |b Kho mượn |j KGT.0019168 |
| 852 | # | # | |j KGT.0019174 |j KGT.0019175 |j KGT.0019169 |j KGT.0019173 |j KGT.0019170 |j KGT.0019171 |j KGT.0019168 |j KGT.0019172 |j KGT.0019176 |j KGT.0054494 |
| 910 | |d 01/08/2011 | ||
| 980 | # | # | |a Trung tâm Học liệu Lê Vũ Hùng, Trường Đại học Đồng Tháp |